[Event "Kiev Chestnut Horse Final"]
[Site "Kiev"]
[Date "2025.04.06"]
[Round "10"]
[White "Domin, Yan"]
[Black "Stavroyany, Sergey"]
[Result "1-0"]
[WhiteElo "2222"]
[BlackElo "2296"]
[PlyCount "97"]
[EventDate "2025.04.06"]
[EventType "tourn (rapid)"]
[EventRounds "11"]
[EventCountry "UKR"]
[EventCategory "2"]
[SourceTitle "CB15_2025"]
[SourceDate "2025.04.09"]
[SourceVersion "1"]
[SourceVersionDate "2025.04.09"]
[SourceQuality "1"]

1. e4 e6 2. d4 d5 3. e5 c5 4. c3 Nc6 5. Nf3 Bd7 6. Be2 Nge7 7. Na3 Nf5 8. Nc2 Be7 9. Bd3 c4 10. Be2 b5 11. Ne3 Nxe3 12. Bxe3 0-0 13. 0-0 b4 14. Qc2 Rb8 15. g3 Be8 16. h4 f6 17. exf6 gxf6 18. Bh6 Bg6 19. Qd2 Rf7 20. b3 cxb3 21. axb3 Na5 22. Qe3 bxc3 23. Qxc3 Nxb3 24. Ra6 Bd6 25. Qe3 Be4 26. Bd1 Na5 27. Nd2 f5 28. Bh5 Rfb7 29. Bg5 Qc7 30. Bf6 f4 31. Qe2 Bf5 32. g4 Rf8 33. Rxd6 Qxd6 34. Be5 Qa3 35. gxf5 Qh3 36. f6 Qxh4 37. Qg4+ Qxg4+ 38. Bxg4 Re8 39. Kh2 Rb2 40. Bxf4 Rf8 41. Bxe6+ Kh8 42. Be5 Nc6 43. Nf3 Nxe5 44. dxe5 Rb4 45. Rg1 d4 46. f7 Rbb8 47. Nxd4 a5 48. Nc6 Rb6 49. Rg8+ 1-0

[Event "Kiev Chestnut Horse Final"]
[Site "Kiev"]
[Date "2025.04.06"]
[Round "1"]
[White "Skliarov, Viktor"]
[Black "Domin, Yan"]
[Result "1/2-1/2"]
[WhiteElo "2334"]
[BlackElo "2222"]
[PlyCount "119"]
[EventDate "2025.04.06"]
[EventType "tourn (rapid)"]
[EventRounds "11"]
[EventCountry "UKR"]
[EventCategory "2"]
[SourceTitle "CB15_2025"]
[SourceDate "2025.04.09"]
[SourceVersion "1"]
[SourceVersionDate "2025.04.09"]
[SourceQuality "1"]

1. e4 c5 2. Nf3 Nc6 3. Bb5 Nf6 4. Bxc6 dxc6 5. d3 Bg4 6. h3 Bh5 7. Nbd2 Nd7 8. a4 e5 9. g4 Bg6 10. h4 f6 11. h5 Bf7 12. Nc4 h6 13. Nh4 Qc7 14. Nf5 0-0-0 15. a5 Nb8 16. Qe2 Na6 17. Rf1 Qd7 18. b3 Nc7 19. f4 Bxc4 20. bxc4 Bd6 21. Nxd6+ Qxd6 22. f5 b5 23. axb6 axb6 24. Be3 Kd7 25. Kf2 Ra8 26. Rfb1 Rxa1 27. Rxa1 Ra8 28. Rxa8 Nxa8 29. Qe1 Kc7 30. Qa1 Kb7 31. Ke2 Nc7 32. c3 Na6 33. Kd2 Nb8 34. Kc2 Nd7 35. Qc1 Qf8 36. Qa3 Qd6 37. Qa1 Qf8 38. Qc1 Qa8 39. Kb2 Qf8 40. Kb3 Qd6 41. Qd2 Qf8 42. Qc1 Qd6 43. Kc2 Qf8 44. Qa1 Qd6 45. Bc1 Qf8 46. Ba3 Qa8 47. Kb2 Qa4 48. Qc1 Qa8 49. Qd1 Qf8 50. Kb3 Qd6 51. Bc1 Qf8 52. Be3 Qd6 53. Kc2 Qf8 54. Qc1 Qa8 55. Kb2 Qf8 56. Qd2 Qd6 57. Kc2 Qf8 58. Qc1 Qa8 59. Kb2 Qh8 60. Qa1 1/2-1/2

[Event "Titled Tuesday intern op 01st Apr Early"]
[Site "Chess.com INT"]
[Date "2025.04.01"]
[Round "11"]
[White "Domin, Yan"]
[Black "Bortnyk, Olexandr"]
[Result "0-1"]
[WhiteElo "2222"]
[BlackElo "2601"]
[PlyCount "166"]
[EventDate "2025.04.01"]
[EventType "swiss (blitz)"]
[EventRounds "11"]
[EventCountry "USA"]
[SourceTitle "CB15_2025"]
[SourceDate "2025.04.09"]
[SourceVersion "1"]
[SourceVersionDate "2025.04.09"]
[SourceQuality "1"]

1. e4 Nf6 2. e5 Nd5 3. d4 d6 4. Bc4 Nb6 5. Bb3 d5 6. c3 Bf5 7. Ne2 e6 8. Ng3 Bxb1 9. Rxb1 c5 10. 0-0 Nc6 11. Nh5 cxd4 12. cxd4 Qh4 13. Be3 0-0-0 14. g3 Qe7 15. a3 Kb8 16. Ba4 Nxa4 17. Qxa4 g6 18. Nf6 Bg7 19. b4 Rc8 20. Rfc1 a6 21. b5 axb5 22. Qxb5 Ka8 23. Rc5 Na7 24. Qa4 Bxf6 25. exf6 Qe8 26. Qb4 Qd7 27. Ra5 b6 28. Ra6 b5 29. a4 Rc4 30. Qxb5 Qxb5 31. axb5 Kb7 32. Rd6 Nc8 33. Rd7+ Rc7 34. Rxc7+ Kxc7 35. Rc1+ Kb6 36. Rc6+ Kxb5 37. Rc7 Nd6 38. Bf4 Ne4 39. Rxf7 Kc4 40. Be5 Kd3 41. Kg2 h5 42. h4 g5 43. Rg7 gxh4 44. f7 Rf8 45. gxh4 Ke2 46. f3 Nd2 47. Bd6 Rd8 48. f8Q Rxf8 49. Bxf8 Nxf3 50. Bc5 Nxh4+ 51. Kh3 Nf3 52. Re7 Kd3 53. Rxe6 Ng5+ 54. Kh4 Nxe6 55. Ba7 Nf4 56. Bb8 Ke4 57. Kg5 Ne6+ 58. Kxh5 Nxd4 59. Kg4 Nc6 60. Bg3 d4 61. Be1 Ke3 62. Kg3 d3 63. Bc3 Nd4 64. Kg2 Nb5 65. Bb4 Ke2 66. Kg3 Nd4 67. Kf4 Nc2 68. Bc3 Ne3 69. Ke4 Nc4 70. Kd4 Na3 71. Kc5 Nb1 72. Ba5 Ke3 73. Bb4 Nd2 74. Kd5 Ne4 75. Kc4 Nd6+ 76. Kb3 Nb5 77. Kc4 Nc7 78. Ba5 Ke2 79. Kd4 Ne6+ 80. Kc4 Ng5 81. Bb4 Nf3 82. Ba5 Ne5+ 83. Kd4 Nc6+ 0-1

[Event "Titled Tuesday intern op 01st Apr Early"]
[Site "Chess.com INT"]
[Date "2025.04.01"]
[Round "4"]
[White "Gong, Qianyun"]
[Black "Domin, Yan"]
[Result "0-1"]
[WhiteElo "2272"]
[BlackElo "2222"]
[PlyCount "138"]
[EventDate "2025.04.01"]
[EventType "swiss (blitz)"]
[EventRounds "11"]
[EventCountry "USA"]
[SourceTitle "CB15_2025"]
[SourceDate "2025.04.09"]
[SourceVersion "1"]
[SourceVersionDate "2025.04.09"]
[SourceQuality "1"]

1. d4 Nf6 2. c4 d6 3. Nf3 g6 4. Nc3 Bf5 5. g3 Bg7 6. Bg2 Ne4 7. 0-0 Nxc3 8. bxc3 Be4 9. Bf4 0-0 10. Qd2 c5 11. Rfd1 Nc6 12. Qe3 Bxf3 13. Bxf3 cxd4 14. cxd4 Rc8 15. Bh6 Bxh6 16. Qxh6 b6 17. Rac1 e6 18. Qf4 Qe7 19. h4 h5 20. Rc3 Na5 21. Rdc1 Rc7 22. e4 e5 23. dxe5 dxe5 24. Qh6 Rfc8 25. Be2 Nc6 26. Bf1 Nd4 27. Rd1 b5 28. f4 bxc4 29. fxe5 Qxe5 30. Qe3 Nb5 31. Rcc1 Qc5 32. Qxc5 Rxc5 33. a4 Nc7 34. Rxc4 Ne6 35. Rxc5 Rxc5 36. Rd7 Rc7 37. Rd6 Kg7 38. Bb5 Kf6 39. Rd5 Ke7 40. Kf2 Rc2+ 41. Kf3 Rc3+ 42. Kf2 Nc5 43. Rd4 a6 44. Be2 Ke6 45. Bf3 Nd3+ 46. Kg2 Ne5 47. Be2 Rc6 48. Rd5 Rc2 49. Kf1 Rc6 50. a5 Nd7 51. Rd4 Nf6 52. Rb4 Rc1+ 53. Kf2 Ke5 54. Ke3 Rc3+ 55. Bd3 Ng4+ 56. Kd2 Ra3 57. Rb6 Rxa5 58. Rxa6 Rxa6 59. Bxa6 Kxe4 60. Ke2 Ne5 61. Bb7+ Kf5 62. Kf2 Kg4 63. Kg2 f5 64. Bc8 Nc4 65. Bb7 Nd2 66. Ba6 f4 67. gxf4 Kxf4 68. Bd3 Ne4 69. Kh3 Nf2+ 0-1

[Event "Titled Tuesday intern op 25th Mar Early"]
[Site "Chess.com INT"]
[Date "2025.03.25"]
[Round "4"]
[White "Domin, Yan"]
[Black "Ankit, Ray"]
[Result "1-0"]
[WhiteElo "2222"]
[BlackElo "2288"]
[PlyCount "49"]
[EventDate "2025.03.25"]
[EventType "swiss (blitz)"]
[EventRounds "11"]
[EventCountry "USA"]
[SourceTitle "CB14_2025"]
[SourceDate "2024.11.01"]
[SourceVersion "1"]
[SourceVersionDate "2024.11.01"]
[SourceQuality "1"]

1. e4 c5 2. c3 e6 3. d4 cxd4 4. cxd4 Nf6 5. Nc3 Bb4 6. Bd3 Nc6 7. a3 Bxc3+ 8. bxc3 d5 9. e5 Ne4 10. Qg4 Qa5 11. Ne2 Nxd4 12. Qxg7 Nxe2 13. Qxh8+ Ke7 14. Kxe2 Nxc3+ 15. Kf1 Ne4 16. Bxe4 b6 17. Bg5+ Kd7 18. Qd8+ Kc6 19. Rc1+ Kb5 20. Bd3+ Ka4 21. Rxc8 Rxc8 22. Qxc8 Kxa3 23. Ke2 Qb4 24. Ra1+ Kb3 25. Qc2# 1-0

[Event "Titled Tuesday intern op 25th Mar Early"]
[Site "Chess.com INT"]
[Date "2025.03.25"]
[Round "11"]
[White "Domin, Yan"]
[Black "Dinesh, Rajan M"]
[Result "0-1"]
[WhiteElo "2222"]
[BlackElo "2157"]
[PlyCount "92"]
[EventDate "2025.03.25"]
[EventType "swiss (blitz)"]
[EventRounds "11"]
[EventCountry "USA"]
[SourceTitle "CB14_2025"]
[SourceDate "2024.11.01"]
[SourceVersion "1"]
[SourceVersionDate "2024.11.01"]
[SourceQuality "1"]

1. e4 c5 2. Nf3 e6 3. c3 Nc6 4. d4 cxd4 5. cxd4 d5 6. e5 Nge7 7. a3 Nf5 8. b4 Qb6 9. Bb2 a5 10. b5 a4 11. g4 Nh6 12. h3 Na5 13. Nbd2 Bd7 14. Qxa4 Be7 15. Rb1 0-0 16. Qd1 Rfc8 17. a4 Bb4 18. Ba1 Bc3 19. Bd3 Bxa1 20. Rxa1 Rc3 21. Ke2 Rac8 22. Qb1 Kh8 23. Qb2 Qc7 24. Rhb1 b6 25. Ra3 f6 26. Rxc3 Qxc3 27. Qxc3 Rxc3 28. Ra1 Nf7 29. Ra2 Kg8 30. Rc2 Ra3 31. Rc7 Be8 32. Bc2 Ra2 33. Rc8 Kf8 34. Bxh7 fxe5 35. dxe5 Nc4 36. Bg6 Ke7 37. Rc7+ Kf8 38. Bxf7 Bxf7 39. Kd3 Bg6+ 40. Ke2 Be4 41. Ng5 Rxd2+ 42. Ke1 Rc2 43. Nxe6+ Kg8 44. Ng5 Nxe5 45. Rb7 Nf3+ 46. Kd1 Nxg5 0-1

[Event "Titled Tuesday intern op 25th Mar Early"]
[Site "Chess.com INT"]
[Date "2025.03.25"]
[Round "2"]
[White "Domin, Yan"]
[Black "Jaskolka, Tomasz"]
[Result "0-1"]
[WhiteElo "2222"]
[BlackElo "2198"]
[PlyCount "56"]
[EventDate "2025.03.25"]
[EventType "swiss (blitz)"]
[EventRounds "11"]
[EventCountry "USA"]
[SourceTitle "CB14_2025"]
[SourceDate "2024.11.01"]
[SourceVersion "1"]
[SourceVersionDate "2024.11.01"]
[SourceQuality "1"]

1. e4 d6 2. d4 Nf6 3. Nc3 Nbd7 4. Nf3 e5 5. Bc4 Be7 6. a4 c6 7. 0-0 Qc7 8. h3 h6 9. Re1 Nf8 10. a5 g5 11. a6 b5 12. Bf1 Ng6 13. b4 g4 14. hxg4 Bxg4 15. d5 Rg8 16. Qd2 Bxf3 17. dxc6 Bxg2 18. Kxg2 Nh4+ 19. Kh1 Nf3 20. Bxb5 Nxd2 21. Bxd2 Kf8 22. Bxh6+ Ke8 23. Be3 Ng4 24. Nd5 Qc8 25. c7+ Kf8 26. Ra3 Qe6 27. f4 Nf2+ 28. Bxf2 Qh6+ 0-1

[Event "Titled Tuesday intern op 25th Mar Early"]
[Site "Chess.com INT"]
[Date "2025.03.25"]
[Round "7"]
[White "Matinian, Nikita"]
[Black "Domin, Yan"]
[Result "1/2-1/2"]
[WhiteElo "2415"]
[BlackElo "2222"]
[PlyCount "129"]
[EventDate "2025.03.25"]
[EventType "swiss (blitz)"]
[EventRounds "11"]
[EventCountry "USA"]
[SourceTitle "CB14_2025"]
[SourceDate "2024.11.01"]
[SourceVersion "1"]
[SourceVersionDate "2024.11.01"]
[SourceQuality "1"]

1. e4 c5 2. Nf3 Nc6 3. Bb5 Nf6 4. Bxc6 dxc6 5. d3 Bg4 6. h3 Bh5 7. Nc3 Qc7 8. g4 Bg6 9. Be3 Nd7 10. a4 e5 11. a5 Bd6 12. Nh4 Nf8 13. Nf5 Ne6 14. Qd2 0-0-0 15. Na4 h5 16. Rg1 hxg4 17. hxg4 Kb8 18. Qc3 Nd4 19. Nxc5 Nf3+ 20. Ke2 Nxg1+ 21. Rxg1 Bxf5 22. gxf5 Rdg8 23. a6 Bxc5 24. Qxc5 b6 25. Qc4 Qd7 26. b4 g6 27. f6 Re8 28. f4 Rh2+ 29. Kd1 Rh3 30. Bd2 Qd4 31. Qxd4 exd4 32. e5 Kc7 33. f5 gxf5 34. Rg7 Kd7 35. Rxf7+ Ke6 36. Rxa7 Kxe5 37. f7 Rh1+ 38. Ke2 Rf8 39. Rb7 Rhh8 40. a7 Ra8 41. Bg5 Rhf8 42. Kf3 Ke6 43. Bf4 Rxf7 44. Rxf7 Kxf7 45. Bb8 Ke6 46. Kg3 Kf6 47. Kh4 c5 48. b5 Kg6 49. Kh3 Kg5 50. Kg3 Kf6 51. Kf4 Ke6 52. Kg5 Kd5 53. Kxf5 c4 54. Kf6 cxd3 55. cxd3 Kc5 56. Ke5 Kxb5 57. Kxd4 Kc6 58. Kc4 b5+ 59. Kb4 Kb6 60. d4 Kc6 61. Ka5 Kd5 62. Kxb5 Kxd4 63. Kb6 Kd5 64. Kb7 Rxa7+ 65. Bxa7 1/2-1/2

[Event "Titled Tuesday intern op 11th Mar Early"]
[Site "Chess.com INT"]
[Date "2025.03.11"]
[Round "1"]
[White "Domin, Yan"]
[Black "Baches Garcia, Guillermo"]
[Result "1-0"]
[WhiteElo "2222"]
[BlackElo "2312"]
[PlyCount "115"]
[EventDate "2025.03.11"]
[EventType "swiss (blitz)"]
[EventRounds "11"]
[EventCountry "USA"]
[SourceTitle "CB12_2025"]
[SourceDate "2025.03.19"]
[SourceVersion "1"]
[SourceVersionDate "2025.03.19"]
[SourceQuality "1"]

1. e4 c5 2. Nf3 d6 3. d4 cxd4 4. Qxd4 Nc6 5. Bb5 a6 6. Bxc6+ bxc6 7. 0-0 e5 8. Qa4 Qc7 9. c4 Ne7 10. c5 dxc5 11. Be3 Ng6 12. Qc2 Be7 13. Nbd2 0-0 14. Bxc5 Be6 15. Be3 Nf4 16. Nc4 f6 17. Rad1 Rab8 18. b3 Rfd8 19. Rxd8+ Qxd8 20. Rd1 Qc7 21. Bxf4 exf4 22. Nd4 Bf7 23. Nf5 Bf8 24. Ncd6 Rd8 25. Nxf7 Rxd1+ 26. Qxd1 Kxf7 27. g3 fxg3 28. hxg3 g6 29. Ne3 Bc5 30. Nf1 h5 31. Kg2 Qe5 32. Qd7+ Kg8 33. Qxc6 Qd4 34. Ne3 a5 35. Qd5+ Kg7 36. Qxd4 Bxd4 37. Nc4 Bc3 38. f4 g5 39. Kf2 Kf7 40. Kf3 g4+ 41. Kf2 Ke6 42. Ke2 f5 43. e5 Bb4 44. Ne3 Bc5 45. Nc4 Bb4 46. Kf2 Bc5+ 47. Kg2 Bb4 48. Ne3 Bc5 49. Nc2 Kd5 50. a3 Ke4 51. b4 axb4 52. Nxb4 h4 53. e6 h3+ 54. Kh2 Kf3 55. Nc6 Bd6 56. e7 Bxf4 57. e8Q Bxg3+ 58. Kh1 1-0

[Event "Titled Tuesday intern op 11th Mar Early"]
[Site "Chess.com INT"]
[Date "2025.03.11"]
[Round "11"]
[White "Domin, Yan"]
[Black "Bharadia, Yash"]
[Result "1/2-1/2"]
[WhiteElo "2222"]
[BlackElo "2368"]
[PlyCount "38"]
[EventDate "2025.03.11"]
[EventType "swiss (blitz)"]
[EventRounds "11"]
[EventCountry "USA"]
[SourceTitle "CB12_2025"]
[SourceDate "2025.03.19"]
[SourceVersion "1"]
[SourceVersionDate "2025.03.19"]
[SourceQuality "1"]

1. e4 g6 2. d4 Bg7 3. Nf3 c6 4. h3 d5 5. e5 f6 6. Bd3 fxe5 7. Nxe5 Nf6 8. 0-0 0-0 9. Nd2 Nbd7 10. Ndf3 Ne4 11. Nxd7 Bxd7 12. Qe2 Bf5 13. c3 Qd6 14. Re1 Rae8 15. Be3 Qf6 16. Nd2 Qh4 17. Nf3 Qf6 18. Ne5 Qh4 19. Nf3 Qf6 1/2-1/2

[Event "Titled Tuesday intern op 11th Mar Early"]
[Site "Chess.com INT"]
[Date "2025.03.11"]
[Round "8"]
[White "Domin, Yan"]
[Black "Geivondian, Arman"]
[Result "1-0"]
[WhiteElo "2222"]
[BlackElo "2297"]
[PlyCount "71"]
[EventDate "2025.03.11"]
[EventType "swiss (blitz)"]
[EventRounds "11"]
[EventCountry "USA"]
[SourceTitle "CB12_2025"]
[SourceDate "2025.03.19"]
[SourceVersion "1"]
[SourceVersionDate "2025.03.19"]
[SourceQuality "1"]

1. e4 e5 2. Nf3 Nc6 3. Bb5 a6 4. Ba4 Nf6 5. d3 b5 6. Bb3 Be7 7. 0-0 0-0 8. c3 d6 9. Re1 Bb7 10. Nbd2 Na5 11. Bc2 c5 12. Nf1 Re8 13. Ng3 g6 14. b3 Bf8 15. d4 cxd4 16. cxd4 exd4 17. Bb2 Rc8 18. Bxd4 Bg7 19. Rc1 Nc6 20. Bb2 Nb4 21. Bb1 Nxe4 22. Rxc8 Qxc8 23. Bxg7 Nxg3 24. Rxe8+ Qxe8 25. hxg3 Bxf3 26. gxf3 Kxg7 27. Qd4+ Qe5 28. Qxb4 Qa1 29. Qe1 a5 30. Kg2 a4 31. bxa4 bxa4 32. Qb4 d5 33. a3 d4 34. Bd3 h5 35. Qxa4 Qb2 36. Qb4 1-0

[Event "Titled Tuesday intern op 11th Mar Early"]
[Site "Chess.com INT"]
[Date "2025.03.11"]
[Round "6"]
[White "Melillo, Lucius"]
[Black "Domin, Yan"]
[Result "1/2-1/2"]
[WhiteElo "2195"]
[BlackElo "2222"]
[PlyCount "165"]
[EventDate "2025.03.11"]
[EventType "swiss (blitz)"]
[EventRounds "11"]
[EventCountry "USA"]
[SourceTitle "CB12_2025"]
[SourceDate "2025.03.19"]
[SourceVersion "1"]
[SourceVersionDate "2025.03.19"]
[SourceQuality "1"]

1. d4 Nf6 2. Bf4 d5 3. e3 c5 4. Nf3 Nc6 5. Nbd2 Bg4 6. c3 e6 7. Qb3 Qb6 8. Ne5 c4 9. Qxb6 axb6 10. Nxg4 Nxg4 11. e4 b5 12. exd5 exd5 13. Be2 Nf6 14. 0-0 h6 15. a3 Kd7 16. Bf3 Bd6 17. Bxd6 Kxd6 18. Rfe1 Rhe8 19. Kf1 g5 20. g3 Nd7 21. Rxe8 Rxe8 22. Re1 Rf8 23. Bd1 f5 24. Kg2 Nf6 25. f3 Ne8 26. Bc2 Ng7 27. Nf1 f4 28. g4 h5 29. h3 Rh8 30. Nd2 hxg4 31. hxg4 Rh6 32. Rh1 Rxh1 33. Kxh1 Ne6 34. Kg2 Ne7 35. Kf2 Nd8 36. Bb1 Ndc6 37. Bc2 Na7 38. Bb1 Nac8 39. Bc2 Nb6 40. Ke2 Nc6 41. Nf1 Nd8 42. Kd2 Kc6 43. Bf5 Na4 44. Kc1 Nf7 45. Bg6 Nd6 46. Bc2 Nb6 47. Nd2 Kd7 48. Kd1 Ke6 49. Ke2 Kf6 50. Ke1 Ndc8 51. Kd1 Ne7 52. Kc1 Nbc8 53. Kd1 Nd6 54. Ke1 Nf7 55. Kf2 Nd6 56. Ke1 Nec8 57. Kd1 Nb6 58. Kc1 Ndc8 59. Kd1 Ne7 60. Kc1 Ke6 61. Kd1 Kd6 62. Kc1 Na8 63. Kd1 Kc6 64. Kc1 Nc7 65. Kd1 Ne6 66. Kc1 Ng8 67. Bf5 Ng7 68. Bh7 Nf6 69. Bc2 Ne6 70. Kd1 Kd6 71. Ke2 Ne8 72. Bf5 Nd8 73. Bg6 Nc7 74. Bc2 Nc6 75. Kd1 Na8 76. Bf5 Nb6 77. Kc1 Na4 78. Bc2 Nb6 79. Bf5 Ne7 80. Bc2 Nd7 81. Kd1 Nf8 82. Ke2 Ne6 83. Kd1 1/2-1/2

[Event "Titled Tuesday intern op 11th Mar Early"]
[Site "Chess.com INT"]
[Date "2025.03.11"]
[Round "7"]
[White "Qin, Kevin"]
[Black "Domin, Yan"]
[Result "0-1"]
[WhiteElo "2017"]
[BlackElo "2222"]
[PlyCount "82"]
[EventDate "2025.03.11"]
[EventType "swiss (blitz)"]
[EventRounds "11"]
[EventCountry "USA"]
[SourceTitle "CB12_2025"]
[SourceDate "2025.03.19"]
[SourceVersion "1"]
[SourceVersionDate "2025.03.19"]
[SourceQuality "1"]

1. Nf3 Nf6 2. c4 g6 3. g3 Bg7 4. Bg2 0-0 5. 0-0 d6 6. d3 c5 7. Nc3 Nc6 8. Rb1 Ne8 9. a3 Nc7 10. Ne1 Bf5 11. e4 Bd7 12. Nc2 Rb8 13. Be3 b5 14. Qd2 bxc4 15. dxc4 a5 16. Bh6 Ne6 17. Bxg7 Kxg7 18. Ne2 Qb6 19. Qc3+ Ned4 20. Rfd1 e5 21. Ncxd4 Nxd4 22. Nxd4 cxd4 23. Qd3 Qb3 24. h4 Rfc8 25. Bf1 Be6 26. Rdc1 Rc7 27. Qd2 Rc5 28. Be2 Bxc4 29. Bxc4 Rxc4 30. Rxc4 Qxc4 31. Qxa5 Qc2 32. Rf1 Rxb2 33. Qd8 Qxe4 34. Qxd6 h5 35. a4 d3 36. Qa3 Re2 37. a5 d2 38. Qc3 Qd4 39. Qf3 Re1 40. a6 Rxf1+ 41. Kxf1 d1Q+ 0-1

[Event "Titled Tuesday intern op 04th Mar Early"]
[Site "Chess.com INT"]
[Date "2025.03.04"]
[Round "5"]
[White "Domin, Yan"]
[Black "Bozorov, Javokhir"]
[Result "1-0"]
[WhiteElo "2222"]
[BlackElo "2236"]
[PlyCount "61"]
[EventDate "2025.03.04"]
[EventType "swiss (blitz)"]
[EventRounds "11"]
[EventCountry "USA"]
[SourceTitle "CB11_2025"]
[SourceDate "2025.03.12"]
[SourceVersion "1"]
[SourceVersionDate "2025.03.12"]
[SourceQuality "1"]

1. e4 c5 2. Nf3 d6 3. d4 cxd4 4. Nxd4 Nf6 5. Nc3 a6 6. h3 e5 7. Nb3 Be6 8. Be3 Be7 9. Qf3 0-0 10. 0-0-0 b5 11. g4 b4 12. Nd5 Nxd5 13. exd5 Bc8 14. h4 f5 15. gxf5 Bxf5 16. Qg3 Bf6 17. h5 Nd7 18. Bh3 Bxh3 19. Qxh3 Qe7 20. Na5 Rac8 21. Nc6 Qf7 22. Nxb4 e4 23. h6 Bxb2+ 24. Kxb2 Rb8 25. Ka3 Ne5 26. hxg7 Qxg7 27. Rdg1 Ng6 28. Qe6+ Kh8 29. Rxh7+ Qxh7 30. Rxg6 Rf3 31. Rh6 1-0

[Event "Titled Tuesday intern op 04th Mar Early"]
[Site "Chess.com INT"]
[Date "2025.03.04"]
[Round "1"]
[White "Domin, Yan"]
[Black "Garcia Gracia, Victor Hugo"]
[Result "1-0"]
[WhiteElo "2222"]
[BlackElo "2211"]
[PlyCount "121"]
[EventDate "2025.03.04"]
[EventType "swiss (blitz)"]
[EventRounds "11"]
[EventCountry "USA"]
[SourceTitle "CB11_2025"]
[SourceDate "2025.03.12"]
[SourceVersion "1"]
[SourceVersionDate "2025.03.12"]
[SourceQuality "1"]

1. e4 e6 2. d4 d5 3. e5 c5 4. c3 Qb6 5. Nf3 Bd7 6. Be2 cxd4 7. cxd4 Bb5 8. Nc3 Bxe2 9. Nxe2 Bb4+ 10. Kf1 Nd7 11. h4 Rc8 12. Rh3 Bf8 13. Kg1 Ne7 14. Rb1 Qa6 15. a3 Nc6 16. b4 b5 17. Rg3 Nb6 18. Nf4 h6 19. Nh5 g6 20. Nf6+ Ke7 21. Ng4 Bg7 22. Ne1 Nc4 23. Nd3 Qb6 24. Nc5 a5 25. Rf3 axb4 26. axb4 Ra8 27. Nf6 Ra2 28. Nfd7 Qa7 29. g3 Rd8 30. Nf6 Ra1 31. Rxa1 Qxa1 32. Kg2 Qxd4 33. Rd3 Qxe5 34. Ng4 Qb8 35. Rf3 Nd4 36. Rf4 Nf5 37. h5 g5 38. Rf3 Nd4 39. Rd3 Nf5 40. Qe1 Ne5 41. Nxe5 Bxe5 42. Qd1 Bd6 43. Bb2 Bxc5 44. bxc5 Qc7 45. Ba3 Qc6 46. Bb4 d4+ 47. Kg1 Rd5 48. Ra3 Ng7 49. Ra7+ Ke8 50. Qd3 Nf5 51. g4 Nh4 52. Qh7 Rd7 53. Qh8+ Ke7 54. Rxd7+ Kxd7 55. Qxd4+ Ke7 56. Kf1 Qh1+ 57. Ke2 Qd5 58. c6+ Kd8 59. Qb6+ Ke8 60. Qb8+ Qd8 61. c7 1-0

[Event "Titled Tuesday intern op 04th Mar Early"]
[Site "Chess.com INT"]
[Date "2025.03.04"]
[Round "3"]
[White "Salimova, Asal"]
[Black "Domin, Yan"]
[Result "1-0"]
[WhiteElo "2050"]
[BlackElo "2222"]
[PlyCount "71"]
[EventDate "2025.03.04"]
[EventType "swiss (blitz)"]
[EventRounds "11"]
[EventCountry "USA"]
[SourceTitle "CB11_2025"]
[SourceDate "2025.03.12"]
[SourceVersion "1"]
[SourceVersionDate "2025.03.12"]
[SourceQuality "1"]

1. d4 Nf6 2. c4 g6 3. g3 d6 4. Bg2 Bg7 5. Nf3 0-0 6. 0-0 c6 7. Nc3 Bf5 8. Re1 Ne4 9. Nh4 Nxc3 10. bxc3 Bc8 11. e4 Nd7 12. Bg5 Re8 13. Qd2 Qa5 14. Rac1 Nb6 15. Bf1 Be6 16. d5 Bd7 17. Bh6 Bh8 18. Be3 Rac8 19. Bd4 Bxd4 20. Qxd4 cxd5 21. cxd5 Qc5 22. Qd2 Nc4 23. Qh6 e5 24. Nf3 f6 25. Bxc4 Qxc4 26. h4 Bg4 27. Nh2 Be2 28. Rc2 Bd3 29. Rd2 Bxe4 30. Ng4 Rf8 31. h5 Rc7 32. Rd4 exd4 33. Rxe4 Qd3 34. Nxf6+ Kf7 35. Qxh7+ Kxf6 36. Qxg6# 1-0

[Event "Titled Tuesday intern op 11th Feb Early"]
[Site "Chess.com INT"]
[Date "2025.02.11"]
[Round "7"]
[White "Domin, Yan"]
[Black "Kim, Sergey2"]
[Result "0-1"]
[WhiteElo "2230"]
[BlackElo "2295"]
[PlyCount "116"]
[EventDate "2025.02.11"]
[EventType "swiss (blitz)"]
[EventRounds "11"]
[EventCountry "USA"]
[SourceTitle "CB09_2025"]
[SourceDate "2025.02.27"]
[SourceVersion "1"]
[SourceVersionDate "2025.02.27"]
[SourceQuality "1"]

1. e4 e5 2. Nf3 Nc6 3. Bb5 a6 4. Ba4 Nf6 5. Nc3 b5 6. Bb3 Bc5 7. a4 b4 8. Nd5 h6 9. 0-0 0-0 10. Nxe5 Nxe5 11. d4 Nxe4 12. dxe5 Qh4 13. Be3 Bb7 14. g3 Qh3 15. Qf3 Bxe3 16. Qxe3 Ng5 17. f4 Ne6 18. Rf2 c5 19. Bc4 Nd4 20. c3 Nf5 21. Qd3 Kh8 22. Qd2 Rab8 23. Bf1 Qh5 24. Be2 Qh3 25. Bf3 Bc6 26. Bg2 Qg4 27. cxb4 cxb4 28. b3 a5 29. Re1 Bxd5 30. Bxd5 Rbc8 31. Bc4 Rcd8 32. Qe2 Qh3 33. Qe4 d6 34. Bf1 Qg4 35. h3 Qxg3+ 36. Rg2 Qc3 37. Bd3 g6 38. e6 fxe6 39. Rd1 Qd4+ 40. Qxd4+ Nxd4 41. Rxg6 Rxf4 42. Rxh6+ Kg7 43. Rg6+ Kf7 44. Kh1 Rg8 45. Rxg8 Kxg8 46. Bc4 d5 47. Bd3 Nxb3 48. Rg1+ Kf7 49. Bc2 Nc5 50. Bg6+ Kf6 51. Bh5 b3 52. Rb1 Rb4 53. Bd1 b2 54. Bc2 Ke5 55. Kg2 Kd4 56. h4 Kc3 57. Bg6 Rxh4 58. Kf3 Rxa4 0-1

[Event "Titled Tuesday intern op 11th Feb Early"]
[Site "Chess.com INT"]
[Date "2025.02.11"]
[Round "5"]
[White "Domin, Yan"]
[Black "Kshatriya, Nitin Vekhande"]
[Result "1-0"]
[WhiteElo "2230"]
[BlackElo "2133"]
[PlyCount "83"]
[EventDate "2025.02.11"]
[EventType "swiss (blitz)"]
[EventRounds "11"]
[EventCountry "USA"]
[SourceTitle "CB09_2025"]
[SourceDate "2025.02.27"]
[SourceVersion "1"]
[SourceVersionDate "2025.02.27"]
[SourceQuality "1"]

1. e4 c5 2. Nf3 d6 3. d4 cxd4 4. Nxd4 Nf6 5. Nc3 g6 6. Be3 Bg7 7. f3 0-0 8. Qd2 Nc6 9. 0-0-0 d5 10. exd5 Nxd5 11. Nxc6 bxc6 12. Bd4 e5 13. Bc5 Be6 14. Ne4 h6 15. h4 f5 16. Nd6 Qf6 17. h5 g5 18. Bc4 Rfd8 19. Nb7 Rd7 20. Na5 Kh8 21. Qf2 Bf7 22. Bb3 Rb8 23. Nc4 a6 24. Rhe1 Re8 25. Kb1 Rb7 26. Nd6 e4 27. Nxf7+ Qxf7 28. Bd4 Rbe7 29. Bxg7+ Qxg7 30. Qc5 e3 31. Qxc6 Nf4 32. g3 Ng2 33. Re2 g4 34. Rxg2 e2 35. Re1 Qg5 36. f4 Qg7 37. Qxa6 Rd7 38. Rgxe2 Rxe2 39. Qxe2 Qd4 40. a4 Rd8 41. Qe5+ Qxe5 42. Rxe5 1-0